000
00279nam a2200109Ia 4500
008
200302s9999 xx 000 0 und d
100
_a
Aghayer and other
245
_a
Reinforced concrete design eighth edition
260
_b
Person Education Inc.
260
_c
2014
300
_a
302
999
_c
6508
_d
6508